01781cam a22004934i 4500003000900000005001700009008004100026020001500067035002700082040003300109049000900142082002000151100004200171245006600213264003400279300003900313336002100352337002500373338002300398505004100421526001000462526001000472526000900482526000900491526000900500526000900509526000900518526000900527526000900536526000800545526000800553526000800561526000800569526000800577630003200585910001800617942001400635949020600649994001400855596000600869999022100875980005501096952013601151PE-LiUPU20250731165628.0150616s r 000 0 d a0385193637 a(Sirsi) i9780385193634 aPE-LiUPUbspacPE-LiUPUerda aPRUA04a220.3dbF822211 aFreedman, David Noel,d1922-,eautor.14aThe Anchor Bible Dictionary :bO - SH /cDavid Noel Freedman. 1aNew York :bDoubleday,c1992. a1230 páginas ;c24 centímetros atext2rdacontent aunmediated2rdamedia avolume2rdacarrier0 aThe Anchor Bible Dictionary: O - SH. aSEG44 aSEG26 aP151 aP150 aP149 aP146 aP145 aP126 aP125 aP92 aP75 aP74 aP27 aP1504aBibliavDiccionarios.95969 ajckbjvqcjck 2ddccBOOK aRC 220.3D F82wDEWEYc1i39764d2015-9-6lCCODEBUL1mBULq1r0sYtBOOKu2015-6-16xTEOLOGIAzUNKNOWN0COMPRAo.CIRCNOTE. No olvidar cambiar la fecha de devolución!!!!!!!o.STAFF. Colección General aC0bPEPRU a1 aRC 220.3D F82wDEWEYc57413i39764d57413f2021-11-8g6lCCODEBUL1mBULq4r1sYtBOOKu2015-6-16xTEOLOGIAzUNKNOWN0COMPRAo.CIRCNOTE. No olvidar cambiar la fecha de devolución!!!!!!!o.STAFF. Colección General 81gALBERTO SANCHEZ Responsable de Automatización r2025-12-02 00:00:00i7l0oRC 220.3D F82p39764te1w2015-06-16xFTyREF102ddc50718REFfP35aBULbBULcREFd2015-06-16eCOMPRA